Представление документа в формате RUSMARC

ПолеНазваниеЗначение
  Тип записи i
  Библиографический уровень m
001 Контрольный номер 8a7f1662af314ceaad75f7c8f2894883
005 Дата корректировки 20240410121215.8
010 Индекс ISBN __
b Уточнения в кор.
d Цена 211-00
100 Данные общей обработки __
a Данные общей обработки 20210208d2017####da 0rusy0289 ca
101 Язык документа 0_
a Язык текста rus
102 Страна публикации __
a Страна публикации RU
125 Кодированные данные звукозаписи и нотных изданий __
b Определитель литературного текста с
126 Кодированные данные (звукозаписи-физические характеристики) __
a Кодированные данные звукозаписи (общие) аgbхhхх сd
127 Кодированные данные (звукозаписи-физические характеристики) __
a Продолжительность проигрывания 0511##
135 Кодированные данные (электронные ресурсы) __
a Кодированные данные (электронные ресурсы) hongannnauuuu
139 Кодированные данные (электронные ресурсы) __
a Кодированные данные (электронные ресурсы) сaz
181 Поле кодированных данных: вид содержания _0
a Код вида содержания (ISBD) h
182 Поле кодированных данных: тип средства _0
a Код типа средства (ISBD) a
200 Заглавие и сведения об ответственности 1_
a Заглавие Остров погибших кораблей
e Сведения, относящиеся к заглавию [роман : аудиокнига]
f Первые сведения об ответственности Александр Беляев ; читает Виктор Рудниченко ; звукорежиссеры: Сергей Карпенко, Софья Дорина
203 Вид содержания и тип средства __
a Вид содержания Устная речь
c Тип средства аудио
210 Выходные данные 1_
a Место издания Москва
c Издательство АРДИС
d Дата издания 2017
215 Физическое описание __
a Объем 1 электрон. опт. диск (CD-ROM) (5 ч. 11 мин.)
c Иллюстрации/тип воспроизводства зв.
d Формат 12 см
225 Серия 2_
a Серия Аудиокнига
300 Общие примечания __
a Общие примечания Заглавие с этикетки диска
300 Общие примечания __
a Общие примечания Данные в формате MP3
330 Аннотация __
a Аннотация В океане терпит крушение трансатлантический лайнер, следующий из Генуи в Нью-Йорк. Экипаж и пассажиры спасаются на шлюпках, но не все. Реджинальда Гатлинга, арестованного за преступление, которого он не совершал, конвоирующего его в Штаты сыщика Симпкинса и прекрасную мисс Вивиану Кингман, дочь американского милиардера, оставшихся на борту, течением относит куда-то во внутреннюю область таинственного Саргассова моря, где нашли последний причал останки кораблей всех времен и народов. Герои оказываются пленниками обитателей загадочного рукотворного острова…
333 Примечание о целевом назначении __
a Примечание о целевом назначении 6+. Для детей старше шести лет
337 Примечание о системных требованиях (электронные ресурсы) __
a Примечание о системных требованиях (электронные ресурсы) Системные требования: MS Windows 95/98/2000/ XP/Vista/7/8/10 ; Pentium 100 ; ОЗУ 16 Мб ; монитор SVGA, 800x600 ; устройство чтения CD/DVD-ROM ; звуковая карта ; колонки или наушники ; мышь
606 Тематические рубрики __
a Основная рубрика Художественная литература
606 Тематические рубрики __
a Основная рубрика Русская литература XX в. (произведения)
610 Ключевые слова 0_
a Ключевые слова научно-фантастические романы
610 Ключевые слова 0_
a Ключевые слова подростковая литература
610 Ключевые слова 0_
a Ключевые слова приключенческие романы
610 Ключевые слова 0_
a Ключевые слова романы
610 Ключевые слова 0_
a Ключевые слова советская литература
610 Ключевые слова 0_
a Ключевые слова тема приключений
610 Ключевые слова 0_
a Ключевые слова фантастика
610 Ключевые слова 0_
a Ключевые слова фантастические романы
610 Ключевые слова 0_
a Ключевые слова тема путешествий
610 Ключевые слова 0_
a Ключевые слова приключения
610 Ключевые слова 0_
a Ключевые слова тема кораблекрушений
686 Индексы других классификаций __
2 Код системы rubbks
a Классификационный индекс 84(2=411.2)6-445я04; ст84(2=411.2)6-445я0
700 Автор _1
a Фамилия Беляев
b Имя А. Р.
f Даты 1884-1942
g Полное личное имя Александр Романович
4 Код отношения 070
702 Вторичная интеллектуальная ответственность _1
a Фамилия Рудниченко
b Имя В.
g Полное личное имя Виктор
4 Код отношения 590
702 Вторичная интеллектуальная ответственность _1
a Фамилия Карпенко
b Имя С.
g Полное личное имя Сергей
4 Код отношения 570
702 Вторичная интеллектуальная ответственность _1
a Фамилия Дорина
b Имя С.
g Полное личное имя Софья
4 Код отношения 570
801 Источник записи _0
a Страна RU
b Организация Муниципальное бюджетное учреждение культуры "Централизованная библиотечная система" г. Сургут (Центральная городская библиотека им. А. С. Пушкина)
c Дата составления 20210208
g Правила каталогизации PSBO
801 Источник записи _1
a Страна ru
b Организация Муниципальное бюджетное учреждение культуры "Централизованная библиотечная система" г. Сургут (Центральная городская библиотека им. А. С. Пушкина)
c Дата составления 20210208
g Правила каталогизации PSBO
852 Данные о местонахождении __
j Шифр хранения 84(2=411.2)6-445я04
i Авторский знак Б 44
900 Макрообъекты __
a Макрообъекты Остров погибших кораблей, 2017
901 Тип документа __
t Тип документа 0
a Ответственный ООФиК/Волкова
903 Характеристики (МАРС) __
a Дата передачи 20210208
c Наименование библиотеки (МАРС) Муниципальное бюджетное учреждение культуры "Централизованная библиотечная система" г. Сургут (Центральная городская библиотека им. А. С. Пушкина)
969 Тип издания __
a Тип издания аудиокнига
a Тип издания издание для слепых
a Тип издания издание для детей
a Тип издания издание для подростков
990 Данные о заказе (DOS) __
j Количество экземпляров (DOS) 3
t N записи в КСУ для И/У (DOS) 202102